[Event "Irena Warakomska Memorial 2019"]
[Site "Suwalki"]
[Date "2019.08.11"]
[Round "8"]
[White "Greenfeld, Alon"]
[Black "Iturrizaga Bonelli, Eduardo"]
[Result "1/2-1/2"]
[Board "4"]
[WhiteElo "2510"]
[WhiteTitle "GM"]
[WhiteCountry "ISR"]
[WhiteFideId "2800039"]
[WhiteEloChange "2"]
[BlackElo "2635"]
[BlackTitle "GM"]
[BlackCountry "VEN"]
[BlackFideId "3901211"]
[BlackEloChange "-2"]

1. d4 {[%clk 1:28:22]} Nf6 {[%clk 1:27:33]} 2. c4 {[%clk 1:26:27]} e6 {[%clk
1:27:57]} 3. g3 {[%clk 1:24:04]} Bb4+ {[%clk 1:25:13]} 4. Bd2 {[%clk 1:20:33]} a5
{[%clk 1:25:39]} 5. Bg2 {[%clk 1:19:58]} d6 {[%clk 1:20:58]} 6. Nf3 {[%clk
1:15:39]} Nbd7 {[%clk 1:21:23]} 7. O-O {[%clk 1:12:06]} e5 {[%clk 1:21:49]} 8.
Be3 {[%clk 1:07:54]} O-O {[%clk 1:20:47]} 9. Qc2 {[%clk 1:04:59]} exd4 {[%clk
1:19:40]} 10. Bxd4 {[%clk 1:05:00]} a4 {[%clk 1:19:33]} 11. Nc3 {[%clk 0:56:16]}
a3 {[%clk 1:19:58]} 12. Nd5 {[%clk 0:50:06]} axb2 {[%clk 1:17:48]} 13. Bxb2
{[%clk 0:33:11]} Ba3 {[%clk 1:17:46]} 14. Bd4 {[%clk 0:18:00]} Bc5 {[%clk
0:59:41]} 15. Nxf6+ {[%clk 0:17:11]} Nxf6 {[%clk 1:00:07]} 16. Bxc5 {[%clk
0:17:34]} dxc5 {[%clk 1:00:33]} 17. Nd2 {[%clk 0:14:48]} Qe7 {[%clk 1:00:22]} 18.
Nb3 {[%clk 0:14:36]} Ra3 {[%clk 0:59:42]} 19. e4 {[%clk 0:10:19]} Nd7 {[%clk
0:53:36]} 20. f4 {[%clk 0:06:50]} Nb6 {[%clk 0:53:47]} 21. e5 {[%clk 0:06:18]}
Ra4 {[%clk 0:53:39]} 22. Nd2 {[%clk 0:03:28]} g6 {[%clk 0:54:06]} 23. Rab1 {[%clk
0:01:59]} Bf5 {[%clk 0:54:18]} 24. Be4 {[%clk 0:02:15]} Bxe4 {[%clk 0:54:45]} 25.
Nxe4 {[%clk 0:02:21]} Rxc4 {[%clk 0:54:47]} 26. Nf6+ {[%clk 0:02:36]} Kg7 {[%clk
0:54:32]} 27. Qg2 {[%clk 0:02:52]} Qe6 {[%clk 0:54:39]} 28. Rf2 {[%clk 0:02:27]}
Ra4 {[%clk 0:48:07]} 29. Re1 {[%clk 0:01:59]} Nd7 {[%clk 0:47:16]} 30. Nxd7
{[%clk 0:01:27]} Qxd7 {[%clk 0:47:41]} 31. Qxb7 {[%clk 0:01:44]} Rfa8 {[%clk
0:44:41]} 32. Qb3 {[%clk 0:01:25]} c4 {[%clk 0:43:20]} 33. Qc3 {[%clk 0:01:22]}
Qe6 {[%clk 0:43:49]} 34. Rc1 {[%clk 0:01:01]} Qb6 {[%clk 0:41:29]} 35. Rc2 {[%clk
0:00:57]} Rd8 {[%clk 0:32:12]} 36. Rb2 {[%clk 0:00:49]} Qe6 {[%clk 0:30:57]} 37.
Rbd2 {[%clk 0:00:51]} Rda8 {[%clk 0:30:11]} 38. Rc2 {[%clk 0:01:05]} Rd8 {[%clk
0:26:34]} 1/2-1/2

[Event "Irena Warakomska Memorial 2019"]
[Site "Suwalki"]
[Date "2019.08.11"]
[Round "8"]
[White "Sharankov, Grigory"]
[Black "Karthik Venkataraman"]
[Result "1/2-1/2"]
[Board "13"]
[WhiteElo "2225"]
[WhiteCountry "RUS"]
[WhiteFideId "4168356"]
[WhiteEloChange "6"]
[BlackElo "2462"]
[BlackTitle "GM"]
[BlackCountry "IND"]
[BlackFideId "25006479"]
[BlackEloChange "-3"]

1. d4 {[%clk 1:30:57]} Nf6 {[%clk 1:25:41]} 2. c4 {[%clk 1:31:23]} e6 {[%clk
1:25:52]} 3. Nc3 {[%clk 1:31:50]} Bb4 {[%clk 1:26:12]} 4. g3 {[%clk 1:32:05]} O-O
{[%clk 1:25:45]} 5. Bg2 {[%clk 1:32:28]} d5 {[%clk 1:26:09]} 6. cxd5 {[%clk
1:32:53]} exd5 {[%clk 1:26:29]} 7. e3 {[%clk 1:33:21]} Re8 {[%clk 1:24:41]} 8.
Ne2 {[%clk 1:33:43]} a5 {[%clk 1:23:00]} 9. O-O {[%clk 1:32:51]} Na6 {[%clk
1:21:25]} 10. a3 {[%clk 1:29:36]} Bf8 {[%clk 1:21:42]} 11. Nf4 {[%clk 1:28:59]}
c6 {[%clk 1:22:05]} 12. f3 {[%clk 1:26:50]} b5 {[%clk 1:22:26]} 13. Bd2 {[%clk
1:23:53]} h6 {[%clk 1:19:28]} 14. Nd3 {[%clk 1:17:52]} Bf5 {[%clk 1:16:14]} 15.
Ne5 {[%clk 1:17:32]} c5 {[%clk 1:13:29]} 16. Be1 {[%clk 1:14:15]} b4 {[%clk
1:11:17]} 17. Na4 {[%clk 1:07:54]} Rc8 {[%clk 1:05:01]} 18. g4 {[%clk 1:00:34]}
Bh7 {[%clk 1:04:16]} 19. axb4 {[%clk 0:57:59]} cxd4 {[%clk 1:02:59]} 20. Qxd4
{[%clk 0:55:59]} Bxb4 {[%clk 1:02:35]} 21. Bg3 {[%clk 0:51:30]} Nc5 {[%clk
1:02:22]} 22. Nxc5 {[%clk 0:42:21]} Bxc5 {[%clk 1:02:27]} 23. Qd2 {[%clk
0:42:48]} Qb6 {[%clk 1:02:41]} 24. Qxa5 {[%clk 0:41:47]} Bxe3+ {[%clk 1:02:59]}
25. Kh1 {[%clk 0:41:39]} Qxb2 {[%clk 1:03:05]} 26. Qa6 {[%clk 0:37:12]} Rc3
{[%clk 0:54:42]} 27. Ra2 {[%clk 0:32:52]} Qb3 {[%clk 0:54:59]} 28. Ra5 {[%clk
0:28:30]} Rc1 {[%clk 0:52:00]} 29. Ra3 {[%clk 0:27:33]} Rxf1+ {[%clk 0:50:19]}
30. Bxf1 {[%clk 0:28:02]} Qb6 {[%clk 0:50:38]} 31. Qxb6 {[%clk 0:28:12]} Bxb6
{[%clk 0:51:04]} 32. Kg2 {[%clk 0:27:14]} Bc5 {[%clk 0:50:13]} 33. Ra5 {[%clk
0:25:47]} Bd6 {[%clk 0:44:03]} 34. Nd7 {[%clk 0:23:29]} Bxg3 {[%clk 0:43:23]} 35.
Nxf6+ {[%clk 0:23:57]} gxf6 {[%clk 0:43:41]} 36. Kxg3 {[%clk 0:24:17]} Rd8 {[%clk
0:44:08]} 37. Ra3 {[%clk 0:24:36]} Kf8 {[%clk 0:44:07]} 38. Kf4 {[%clk 0:24:32]}
Re8 {[%clk 0:43:24]} 39. Bb5 {[%clk 0:21:24]} Re5 {[%clk 0:42:31]} 40. Ra8+
{[%clk 0:50:39]} Kg7 {[%clk 1:12:56]} 41. Rd8 {[%clk 0:50:40]} Bc2 {[%clk
1:13:23]} 42. Bc6 {[%clk 0:50:03]} Bb3 {[%clk 1:13:49]} 43. Rd7 {[%clk 0:49:54]}
Bc4 {[%clk 1:14:11]} 44. h3 {[%clk 0:49:09]} h5 {[%clk 1:14:32]} 45. Kg3 {[%clk
0:47:53]} Kg6 {[%clk 1:13:14]} 46. Rd8 {[%clk 0:44:53]} Kg7 {[%clk 1:12:54]} 47.
Rd7 {[%clk 0:44:35]} hxg4 {[%clk 1:13:20]} 48. hxg4 {[%clk 0:44:47]} Kg6 {[%clk
1:13:47]} 49. Kf4 {[%clk 0:44:40]} Kg7 {[%clk 1:13:49]} 50. Kg3 {[%clk 0:44:36]}
Kf8 {[%clk 1:10:22]} 51. Kf4 {[%clk 0:44:18]} Rg5 {[%clk 1:10:44]} 52. Kg3 {[%clk
0:43:51]} Re5 {[%clk 1:10:15]} 53. Kf4 {[%clk 0:44:12]} Bb3 {[%clk 1:10:38]} 54.
Kg3 {[%clk 0:44:08]} Kg7 {[%clk 1:09:12]} 55. Kf4 {[%clk 0:44:01]} Kg6 {[%clk
1:09:35]} 56. Rd8 {[%clk 0:43:53]} Ba2 {[%clk 1:09:46]} 57. Rd7 {[%clk 0:43:23]}
Rg5 {[%clk 1:09:42]} 58. Rd6 {[%clk 0:43:15]} Re5 {[%clk 1:09:13]} 59. Rd7 {[%clk
0:43:30]} Bb3 {[%clk 1:09:34]} 60. Rd8 {[%clk 0:43:41]} Kg7 {[%clk 1:09:29]} 61.
Rd7 {[%clk 0:42:21]} 1/2-1/2

[Event "Irena Warakomska Memorial 2019"]
[Site "Suwalki"]
[Date "2019.08.11"]
[Round "8"]
[White "Lewtak, Damian"]
[Black "Budrewicz, Krzysztof"]
[Result "1-0"]
[Board "17"]
[WhiteElo "2354"]
[WhiteTitle "FM"]
[WhiteCountry "POL"]
[WhiteFideId "1141724"]
[WhiteEloChange "8"]
[BlackElo "2276"]
[BlackCountry "POL"]
[BlackFideId "1127950"]
[BlackEloChange "-8"]

1. Nf3 {[%clk 1:30:57]} Nf6 {[%clk 1:30:32]} 2. b3 {[%clk 1:31:03]} g6 {[%clk
1:30:46]} 3. Bb2 {[%clk 1:31:11]} Bg7 {[%clk 1:31:08]} 4. e3 {[%clk 1:30:57]} O-O
{[%clk 1:31:18]} 5. g3 {[%clk 1:29:29]} d6 {[%clk 1:22:56]} 6. Bg2 {[%clk
1:29:45]} e5 {[%clk 1:20:38]} 7. d3 {[%clk 1:28:06]} c5 {[%clk 1:16:35]} 8. c4
{[%clk 1:26:31]} Nc6 {[%clk 1:16:56]} 9. O-O {[%clk 1:26:18]} Re8 {[%clk
1:15:27]} 10. Nc3 {[%clk 1:24:35]} h6 {[%clk 1:13:42]} 11. Nd2 {[%clk 1:21:34]}
Rb8 {[%clk 1:12:48]} 12. Nde4 {[%clk 1:18:35]} Be6 {[%clk 1:09:20]} 13. a3 {[%clk
1:11:04]} a6 {[%clk 1:09:03]} 14. Nxf6+ {[%clk 1:10:20]} Bxf6 {[%clk 1:09:06]}
15. Nd5 {[%clk 1:09:34]} Bg7 {[%clk 1:05:18]} 16. Bc3 {[%clk 1:06:11]} Ne7 {[%clk
1:03:49]} 17. Qd2 {[%clk 0:58:12]} Nxd5 {[%clk 1:01:17]} 18. cxd5 {[%clk
0:58:37]} Bd7 {[%clk 1:01:03]} 19. e4 {[%clk 0:57:34]} Rf8 {[%clk 0:42:10]} 20.
f4 {[%clk 0:52:16]} f6 {[%clk 0:36:42]} 21. f5 {[%clk 0:51:54]} g5 {[%clk
0:35:12]} 22. Bf3 {[%clk 0:51:31]} Be8 {[%clk 0:35:01]} 23. Kg2 {[%clk 0:49:24]}
h5 {[%clk 0:31:36]} 24. Qd1 {[%clk 0:49:41]} g4 {[%clk 0:31:05]} 25. Be2 {[%clk
0:50:07]} Bh6 {[%clk 0:21:45]} 26. Rh1 {[%clk 0:50:31]} Rf7 {[%clk 0:20:59]} 27.
h3 {[%clk 0:48:26]} gxh3+ {[%clk 0:21:16]} 28. Rxh3 {[%clk 0:48:51]} Rg7 {[%clk
0:21:42]} 29. Bxh5 {[%clk 0:47:32]} Bg5 {[%clk 0:18:51]} 30. Bd2 {[%clk 0:40:37]}
Bxh5 {[%clk 0:16:48]} 31. Rxh5 {[%clk 0:40:43]} Bxd2 {[%clk 0:17:07]} 32. Qxd2
{[%clk 0:40:57]} Kf7 {[%clk 0:17:27]} 33. Rah1 {[%clk 0:40:55]} Qb6 {[%clk
0:17:32]} 34. Rh7 {[%clk 0:37:14]} Rg8 {[%clk 0:17:12]} 35. Qh6 {[%clk 0:37:10]}
Rxh7 {[%clk 0:16:42]} 36. Qxh7+ {[%clk 0:37:33]} Rg7 {[%clk 0:17:10]} 37. Qh5+
{[%clk 0:37:54]} Ke7 {[%clk 0:13:21]} 38. Qh8 {[%clk 0:38:16]} Rf7 {[%clk
0:13:39]} 39. Qc8 {[%clk 0:37:19]} 1-0

[Event "Irena Warakomska Memorial 2019"]
[Site "Suwalki"]
[Date "2019.08.11"]
[Round "8"]
[White "Licznerski, Lukasz"]
[Black "Luba, Lukasz"]
[Result "1-0"]
[Board "24"]
[WhiteElo "2341"]
[WhiteTitle "FM"]
[WhiteCountry "POL"]
[WhiteFideId "1179250"]
[WhiteEloChange "5"]
[BlackElo "2130"]
[BlackCountry "POL"]
[BlackFideId "1117289"]
[BlackEloChange "-5"]

1. e4 {[%clk 1:26:27]} e5 {[%clk 1:30:47]} 2. Nf3 {[%clk 1:26:46]} d6 {[%clk
1:31:10]} 3. d4 {[%clk 1:26:45]} exd4 {[%clk 1:30:32]} 4. Nxd4 {[%clk 1:27:13]}
Nf6 {[%clk 1:30:42]} 5. Nc3 {[%clk 1:27:41]} Be7 {[%clk 1:30:02]} 6. Be2 {[%clk
1:27:19]} Nc6 {[%clk 1:25:28]} 7. Bf4 {[%clk 1:20:48]} Be6 {[%clk 1:22:11]} 8.
Bb5 {[%clk 1:10:24]} Bd7 {[%clk 1:20:18]} 9. Bxc6 {[%clk 1:08:26]} bxc6 {[%clk
1:19:11]} 10. e5 {[%clk 1:07:47]} dxe5 {[%clk 1:15:50]} 11. Bxe5 {[%clk 1:08:10]}
Bd6 {[%clk 1:16:09]} 12. Bg3 {[%clk 0:58:37]} O-O {[%clk 1:13:46]} 13. O-O {[%clk
0:58:29]} Qb8 {[%clk 1:07:44]} 14. b3 {[%clk 0:44:39]} Rd8 {[%clk 1:05:30]} 15.
Qf3 {[%clk 0:33:21]} Bg4 {[%clk 1:04:47]} 16. Qe3 {[%clk 0:33:31]} Bxg3 {[%clk
1:02:08]} 17. Nxc6 {[%clk 0:30:38]} Qb6 {[%clk 0:54:31]} 18. Qxb6 {[%clk
0:29:03]} cxb6 {[%clk 0:54:53]} 19. fxg3 {[%clk 0:28:01]} Rd6 {[%clk 0:54:30]}
20. Ne5 {[%clk 0:27:57]} Rc8 {[%clk 0:54:03]} 21. Nb5 {[%clk 0:21:44]} Rd2 {[%clk
0:47:54]} 22. c4 {[%clk 0:20:55]} Re8 {[%clk 0:47:25]} 23. Rfe1 {[%clk 0:15:49]}
Bc8 {[%clk 0:39:13]} 24. Nxa7 {[%clk 0:10:09]} Bb7 {[%clk 0:39:33]} 25. Nf3
{[%clk 0:09:26]} Rxe1+ {[%clk 0:38:58]} 26. Nxe1 {[%clk 0:08:17]} Ng4 {[%clk
0:39:19]} 27. b4 {[%clk 0:07:27]} Ne5 {[%clk 0:21:35]} 28. c5 {[%clk 0:06:14]}
bxc5 {[%clk 0:19:31]} 29. bxc5 {[%clk 0:06:42]} g5 {[%clk 0:19:10]} 30. a4 {[%clk
0:06:03]} Rd7 {[%clk 0:19:13]} 31. Nb5 {[%clk 0:05:28]} Bc6 {[%clk 0:19:36]} 32.
Nd6 {[%clk 0:05:29]} g4 {[%clk 0:19:11]} 33. a5 {[%clk 0:04:44]} Kg7 {[%clk
0:18:32]} 34. Ra3 {[%clk 0:05:01]} Ra7 {[%clk 0:16:59]} 35. Nc2 {[%clk 0:05:29]}
Kf6 {[%clk 0:15:48]} 36. Nb4 {[%clk 0:05:14]} Ba8 {[%clk 0:15:01]} 37. a6 {[%clk
0:04:55]} Ke6 {[%clk 0:15:20]} 38. Re3 {[%clk 0:04:35]} f6 {[%clk 0:15:43]} 39.
Nc4 {[%clk 0:02:10]} Rd7 {[%clk 0:14:07]} 40. Nb6 {[%clk 0:32:18]} Rd8 {[%clk
0:43:51]} 41. a7 {[%clk 0:29:43]} Kf5 {[%clk 0:44:08]} 42. Na6 {[%clk 0:25:41]}
Rd1+ {[%clk 0:44:26]} 43. Kf2 {[%clk 0:26:08]} Ra1 {[%clk 0:44:47]} 44. Nc7
{[%clk 0:26:09]} Ra2+ {[%clk 0:44:37]} 45. Ke1 {[%clk 0:24:06]} Bxg2 {[%clk
0:44:15]} 46. a8Q {[%clk 0:24:31]} Bxa8 {[%clk 0:44:32]} 47. Ncxa8 {[%clk
0:24:43]} Rc2 {[%clk 0:41:58]} 48. Na4 {[%clk 0:24:40]} Ra2 {[%clk 0:40:59]} 49.
N8b6 {[%clk 0:24:54]} Rxh2 {[%clk 0:40:54]} 50. Rc3 {[%clk 0:23:16]} Rh1+ {[%clk
0:39:35]} 51. Kf2 {[%clk 0:23:12]} Rh2+ {[%clk 0:39:51]} 52. Kg1 {[%clk 0:22:47]}
Ra2 {[%clk 0:40:00]} 53. c6 {[%clk 0:22:13]} Ra1+ {[%clk 0:40:24]} 54. Kf2 {[%clk
0:22:25]} Ra2+ {[%clk 0:40:49]} 55. Ke3 {[%clk 0:21:35]} Nxc6 {[%clk 0:41:08]}
56. Rxc6 {[%clk 0:21:59]} Rg2 {[%clk 0:41:36]} 57. Rc5+ {[%clk 0:22:21]} Kg6
{[%clk 0:42:01]} 58. Kf4 {[%clk 0:22:17]} h5 {[%clk 0:42:30]} 59. Nd5 {[%clk
0:21:21]} Rf2+ {[%clk 0:41:20]} 60. Ke4 {[%clk 0:21:49]} f5+ {[%clk 0:40:55]} 61.
Ke5 {[%clk 0:20:06]} Re2+ {[%clk 0:40:08]} 62. Kd6 {[%clk 0:20:35]} Kg5 {[%clk
0:40:25]} 63. Rc8 {[%clk 0:20:54]} Rg2 {[%clk 0:40:03]} 64. Rg8+ {[%clk 0:20:42]}
Kh6 {[%clk 0:40:31]} 65. Nf6 {[%clk 0:19:36]} Rxg3 {[%clk 0:40:05]} 66. Ke6
{[%clk 0:20:05]} Rb3 {[%clk 0:39:22]} 67. Nc5 {[%clk 0:20:24]} 1-0

[Event "Irena Warakomska Memorial 2019"]
[Site "Suwalki"]
[Date "2019.08.11"]
[Round "8"]
[White "Czerw, Dawid"]
[Black "Kumala, Aleksander"]
[Result "0-1"]
[Board "30"]
[WhiteElo "2281"]
[WhiteTitle "FM"]
[WhiteCountry "POL"]
[WhiteFideId "1145746"]
[WhiteEloChange "-13"]
[BlackElo "2185"]
[BlackTitle "CM"]
[BlackCountry "POL"]
[BlackFideId "1141880"]
[BlackEloChange "13"]

1. d4 {[%clk 1:30:57]} e6 {[%clk 1:30:54]} 2. c4 {[%clk 1:31:22]} b6 {[%clk
1:31:17]} 3. e4 {[%clk 1:31:46]} Bb7 {[%clk 1:31:41]} 4. Bd3 {[%clk 1:32:11]}
Bb4+ {[%clk 1:32:06]} 5. Bd2 {[%clk 1:30:02]} Bxd2+ {[%clk 1:32:31]} 6. Nxd2
{[%clk 1:30:04]} Qf6 {[%clk 1:32:56]} 7. Ngf3 {[%clk 1:28:17]} Nc6 {[%clk
1:33:18]} 8. e5 {[%clk 1:23:41]} Qf4 {[%clk 1:33:46]} 9. Nb3 {[%clk 1:19:09]} f6
{[%clk 1:31:50]} 10. Qe2 {[%clk 1:08:03]} O-O-O {[%clk 1:22:39]} 11. a3 {[%clk
0:59:40]} Nge7 {[%clk 1:21:28]} 12. exf6 {[%clk 0:52:20]} gxf6 {[%clk 1:19:56]}
13. Qd2 {[%clk 0:46:54]} Qg4 {[%clk 1:18:22]} 14. Rg1 {[%clk 0:37:00]} a5 {[%clk
1:05:56]} 15. h3 {[%clk 0:34:49]} Qh5 {[%clk 1:05:50]} 16. Qc2 {[%clk 0:29:22]}
Ng6 {[%clk 1:01:26]} 17. Bxg6 {[%clk 0:24:18]} hxg6 {[%clk 0:58:46]} 18. O-O-O
{[%clk 0:24:14]} Ne7 {[%clk 0:58:55]} 19. Nbd2 {[%clk 0:23:25]} Kb8 {[%clk
0:51:25]} 20. Kb1 {[%clk 0:22:46]} Qf5 {[%clk 0:45:47]} 21. Rde1 {[%clk 0:19:22]}
a4 {[%clk 0:33:54]} 22. d5 {[%clk 0:18:10]} Nc8 {[%clk 0:28:49]} 23. Qxf5 {[%clk
0:16:35]} exf5 {[%clk 0:28:03]} 24. Kc2 {[%clk 0:13:58]} b5 {[%clk 0:23:44]} 25.
cxb5 {[%clk 0:13:37]} Bxd5 {[%clk 0:24:06]} 26. Nd4 {[%clk 0:13:10]} Nd6 {[%clk
0:23:48]} 27. b3 {[%clk 0:13:04]} Rh4 {[%clk 0:22:35]} 28. Kc3 {[%clk 0:11:24]}
axb3 {[%clk 0:20:28]} 29. f3 {[%clk 0:10:30]} Kb7 {[%clk 0:19:30]} 30. g3 {[%clk
0:09:47]} Rxh3 {[%clk 0:19:39]} 31. N2xb3 {[%clk 0:10:02]} Bxb3 {[%clk 0:18:48]}
32. Kxb3 {[%clk 0:10:19]} Rh2 {[%clk 0:18:14]} 33. a4 {[%clk 0:10:07]} Ra8 {[%clk
0:15:57]} 34. Ra1 {[%clk 0:07:50]} Re8 {[%clk 0:10:58]} 35. Rae1 {[%clk 0:07:25]}
Re5 {[%clk 0:11:22]} 36. Rxe5 {[%clk 0:04:52]} fxe5 {[%clk 0:11:43]} 37. Nc2
{[%clk 0:05:16]} Rf2 {[%clk 0:09:41]} 38. Ne1 {[%clk 0:05:41]} Kb6 {[%clk
0:08:06]} 39. Kb4 {[%clk 0:05:54]} Rb2+ {[%clk 0:07:49]} 40. Kc3 {[%clk 0:36:01]}
Rb1 {[%clk 0:38:09]} 41. f4 {[%clk 0:36:15]} e4 {[%clk 0:37:10]} 0-1

[Event "Irena Warakomska Memorial 2019"]
[Site "Suwalki"]
[Date "2019.08.11"]
[Round "8"]
[White "Klimkowski, Jan"]
[Black "Kubicka, Anna"]
[Result "1-0"]
[Board "33"]
[WhiteElo "2090"]
[WhiteCountry "POL"]
[WhiteFideId "21856222"]
[WhiteEloChange "14"]
[BlackElo "2241"]
[BlackTitle "WIM"]
[BlackCountry "POL"]
[BlackFideId "1152254"]
[BlackEloChange "-14"]

1. e4 {[%clk 1:30:58]} d6 {[%clk 1:30:32]} 2. d4 {[%clk 1:31:19]} Nf6 {[%clk
1:30:50]} 3. Nc3 {[%clk 1:31:27]} e5 {[%clk 1:31:15]} 4. Nf3 {[%clk 1:31:25]}
Nbd7 {[%clk 1:31:41]} 5. Bc4 {[%clk 1:31:24]} Be7 {[%clk 1:32:07]} 6. O-O {[%clk
1:31:12]} O-O {[%clk 1:32:34]} 7. a4 {[%clk 1:30:51]} c6 {[%clk 1:33:00]} 8. b3
{[%clk 1:27:32]} Qc7 {[%clk 1:33:17]} 9. a5 {[%clk 1:20:54]} h6 {[%clk 1:32:28]}
10. Bb2 {[%clk 1:17:08]} Re8 {[%clk 1:31:26]} 11. Re1 {[%clk 1:15:37]} Bf8 {[%clk
1:31:25]} 12. d5 {[%clk 1:12:24]} cxd5 {[%clk 1:05:39]} 13. Nxd5 {[%clk 1:11:33]}
Nxd5 {[%clk 1:06:01]} 14. Bxd5 {[%clk 1:11:18]} Nf6 {[%clk 1:06:17]} 15. Bc4
{[%clk 1:08:16]} a6 {[%clk 1:01:34]} 16. Nd2 {[%clk 0:59:38]} Bg4 {[%clk
0:46:56]} 17. Be2 {[%clk 0:55:11]} Bxe2 {[%clk 0:32:09]} 18. Rxe2 {[%clk
0:55:22]} d5 {[%clk 0:31:37]} 19. exd5 {[%clk 0:53:47]} Nxd5 {[%clk 0:31:50]} 20.
Nc4 {[%clk 0:50:53]} Rad8 {[%clk 0:30:40]} 21. Rd2 {[%clk 0:38:41]} Nb4 {[%clk
0:17:51]} 22. Rxd8 {[%clk 0:34:12]} Rxd8 {[%clk 0:18:05]} 23. Qe2 {[%clk
0:32:29]} f6 {[%clk 0:17:51]} 24. Rd1 {[%clk 0:31:29]} Nc6 {[%clk 0:17:03]} 25.
Bc3 {[%clk 0:30:40]} Bb4 {[%clk 0:16:38]} 26. Bxb4 {[%clk 0:30:03]} Nxb4 {[%clk
0:17:06]} 27. c3 {[%clk 0:27:36]} Nc6 {[%clk 0:17:10]} 28. Rxd8+ {[%clk 0:27:28]}
Qxd8 {[%clk 0:17:02]} 29. b4 {[%clk 0:26:47]} Ne7 {[%clk 0:10:51]} 30. h3 {[%clk
0:24:44]} Qd5 {[%clk 0:05:50]} 31. Nb6 {[%clk 0:21:28]} Qe6 {[%clk 0:03:18]} 32.
Qe4 {[%clk 0:20:40]} Nc6 {[%clk 0:02:53]} 33. Qg6 {[%clk 0:20:16]} e4 {[%clk
0:02:17]} 34. Qg3 {[%clk 0:19:00]} Kh7 {[%clk 0:02:07]} 35. Qe3 {[%clk 0:15:26]}
f5 {[%clk 0:02:03]} 36. Qc5 {[%clk 0:15:08]} Ne5 {[%clk 0:01:18]} 37. Qd4 {[%clk
0:09:12]} Nd3 {[%clk 0:01:21]} 38. Nd5 {[%clk 0:08:37]} Qg6 {[%clk 0:00:38]} 39.
Ne7 {[%clk 0:07:52]} Nf4 {[%clk 0:00:33]} 40. Nxg6 {[%clk 0:36:48]} Ne2+ {[%clk
0:31:00]} 41. Kf1 {[%clk 0:36:50]} Nxd4 {[%clk 0:31:27]} 42. Ne7 {[%clk 0:34:48]}
Nb5 {[%clk 0:30:43]} 43. Nxf5 {[%clk 0:34:47]} Nxc3 {[%clk 0:30:48]} 44. Nd6
{[%clk 0:34:31]} Nd5 {[%clk 0:28:54]} 45. b5 {[%clk 0:32:47]} axb5 {[%clk
0:24:50]} 46. Nxb5 {[%clk 0:28:48]} Kg6 {[%clk 0:23:42]} 47. Nd6 {[%clk 0:28:28]}
b6 {[%clk 0:19:43]} 48. a6 {[%clk 0:27:52]} Nc7 {[%clk 0:20:09]} 49. a7 {[%clk
0:28:18]} Na8 {[%clk 0:20:36]} 50. Ke2 {[%clk 0:27:03]} Kf6 {[%clk 0:20:37]} 51.
Ke3 {[%clk 0:27:05]} Ke5 {[%clk 0:20:01]} 52. Nxe4 {[%clk 0:27:11]} b5 {[%clk
0:18:56]} 53. f4+ {[%clk 0:25:22]} Kd5 {[%clk 0:19:21]} 54. g4 {[%clk 0:23:39]}
Kc6 {[%clk 0:19:01]} 55. h4 {[%clk 0:22:56]} Kb7 {[%clk 0:19:28]} 56. Nd6+ {[%clk
0:23:18]} Kxa7 {[%clk 0:19:54]} 57. Nxb5+ {[%clk 0:19:29]} Kb6 {[%clk 0:20:18]}
58. Nd4 {[%clk 0:19:34]} Nc7 {[%clk 0:19:04]} 59. Ke4 {[%clk 0:19:36]} Ne8 {[%clk
0:17:11]} 60. Ke5 {[%clk 0:18:13]} Nf6 {[%clk 0:05:59]} 61. Kf5 {[%clk 0:17:50]}
Nd5 {[%clk 0:05:49]} 62. Kg6 {[%clk 0:14:16]} Nxf4+ {[%clk 0:05:25]} 63. Kxg7
{[%clk 0:14:24]} h5 {[%clk 0:04:46]} 64. g5 {[%clk 0:14:45]} Kc5 {[%clk 0:04:55]}
65. Nf5 {[%clk 0:14:01]} Kd5 {[%clk 0:05:06]} 66. Kf6 {[%clk 0:11:10]} Ke4 {[%clk
0:02:44]} 67. g6 {[%clk 0:11:27]} Nd5+ {[%clk 0:02:55]} 68. Kg5 {[%clk 0:11:33]}
Ke5 {[%clk 0:02:56]} 69. g7 {[%clk 0:11:40]} Nf6 {[%clk 0:03:10]} 70. Nh6 {[%clk
0:11:55]} Ke6 {[%clk 0:02:28]} 71. Kg6 {[%clk 0:12:02]} Ke7 {[%clk 0:02:29]} 72.
g8Q {[%clk 0:12:25]} Nxg8 {[%clk 0:02:50]} 73. Nxg8+ {[%clk 0:12:47]} Kf8 {[%clk
0:03:18]} 74. Nf6 {[%clk 0:13:09]} Ke7 {[%clk 0:03:42]} 75. Nxh5 {[%clk 0:13:30]}
Kf8 {[%clk 0:04:09]} 76. Nf6 {[%clk 0:13:55]} 1-0

[Event "Irena Warakomska Memorial 2019"]
[Site "Suwalki"]
[Date "2019.08.11"]
[Round "8"]
[White "Jaroch, Karol"]
[Black "Bai, Adelard"]
[Result "1/2-1/2"]
[Board "35"]
[WhiteElo "2231"]
[WhiteCountry "POL"]
[WhiteFideId "1130609"]
[WhiteEloChange "-5"]
[BlackElo "2033"]
[BlackTitle "CM"]
[BlackCountry "TPE"]
[BlackFideId "16301188"]
[BlackEloChange "5"]

1. e4 {[%clk 1:30:47]} e5 {[%clk 1:30:37]} 2. Nf3 {[%clk 1:31:14]} Nc6 {[%clk
1:30:52]} 3. Bc4 {[%clk 1:31:39]} Nf6 {[%clk 1:31:10]} 4. d3 {[%clk 1:32:04]} Be7
{[%clk 1:31:21]} 5. Nc3 {[%clk 1:31:21]} d6 {[%clk 1:31:25]} 6. Bg5 {[%clk
1:31:30]} Na5 {[%clk 1:28:51]} 7. Qe2 {[%clk 1:30:35]} c6 {[%clk 1:25:22]} 8. a4
{[%clk 1:24:23]} Nxc4 {[%clk 1:21:45]} 9. dxc4 {[%clk 1:23:15]} Qc7 {[%clk
1:17:26]} 10. h3 {[%clk 1:16:27]} Be6 {[%clk 1:14:41]} 11. O-O {[%clk 0:33:14]}
h6 {[%clk 1:06:45]} 12. Be3 {[%clk 0:30:47]} O-O {[%clk 1:05:39]} 13. Rad1 {[%clk
0:31:03]} Rfd8 {[%clk 0:59:36]} 14. Bc1 {[%clk 0:20:23]} Qb6 {[%clk 0:49:28]} 15.
b3 {[%clk 0:18:51]} Qa5 {[%clk 0:47:56]} 16. Bb2 {[%clk 0:17:13]} Nh5 {[%clk
0:46:29]} 17. Kh2 {[%clk 0:12:49]} Nf4 {[%clk 0:45:37]} 18. Qd2 {[%clk 0:13:18]}
Qc7 {[%clk 0:49:00]} 19. Ne2 {[%clk 0:13:43]} Ng6 {[%clk 0:38:28]} 20. Ng3 {[%clk
0:13:01]} d5 {[%clk 0:27:42]} 21. exd5 {[%clk 0:10:21]} cxd5 {[%clk 0:28:01]} 22.
Qe2 {[%clk 0:10:45]} f6 {[%clk 0:18:24]} 23. Nd4 {[%clk 0:08:17]} Bf7 {[%clk
0:18:33]} 24. Nb5 {[%clk 0:08:36]} Qb6 {[%clk 0:17:32]} 25. cxd5 {[%clk 0:08:48]}
Nf4 {[%clk 0:16:52]} 26. Qg4 {[%clk 0:09:00]} h5 {[%clk 0:16:34]} 27. Qf3 {[%clk
0:07:57]} Bxd5 {[%clk 0:16:19]} 28. Ne4 {[%clk 0:04:17]} Bxe4 {[%clk 0:09:46]}
29. Qxe4 {[%clk 0:04:45]} Rxd1 {[%clk 0:09:23]} 30. Rxd1 {[%clk 0:05:13]} Qxf2
{[%clk 0:08:25]} 31. Qxb7 {[%clk 0:05:38]} Rd8 {[%clk 0:07:14]} 32. Rxd8+ {[%clk
0:04:18]} Bxd8 {[%clk 0:07:39]} 33. Qa8 {[%clk 0:03:08]} Kh7 {[%clk 0:07:20]} 34.
Qe4+ {[%clk 0:03:35]} Kh6 {[%clk 0:06:37]} 35. Nd6 {[%clk 0:03:02]} g6 {[%clk
0:05:36]} 36. Nf7+ {[%clk 0:03:14]} Kh7 {[%clk 0:04:51]} 37. Nxd8 {[%clk
0:00:49]} Ne2 {[%clk 0:04:44]} 38. Qb7+ {[%clk 0:00:48]} Kh8 {[%clk 0:05:00]} 39.
Nf7+ {[%clk 0:01:10]} Kg8 {[%clk 0:05:10]} 40. Nh6+ {[%clk 0:30:38]} Kh8 {[%clk
0:35:27]} 41. Nf7+ {[%clk 0:24:51]} Kg7 {[%clk 0:35:51]} 42. Nd8+ {[%clk
0:24:51]} 1/2-1/2